Yugpravartak Dr. hedgevar (Record no. 366866)
[ view plain ]
| 000 -LEADER | |
|---|---|
| fixed length control field | 00289nam a2200109Ia 4500 |
| 008 - FIXED-LENGTH DATA ELEMENTS--GENERAL INFORMATION | |
| fixed length control field | 250601s9999 xx 000 0 und d |
| 041 ## - LANGUAGE CODE | |
| Language code of text/sound track or separate title | eng |
| 100 ## - MAIN ENTRY--PERSONAL NAME | |
| Personal name | Sanskrutik Vatapatra |
| 9 (RLIN) | 212311 |
| 245 ## - TITLE STATEMENT | |
| Title | Yugpravartak Dr. hedgevar |
| 260 ## - PUBLICATION, DISTRIBUTION, ETC. (IMPRINT) | |
| Name of publisher, distributor, etc. | Sanskruti Jgaran mandal, pune |
| Date of publication, distribution, etc. | 2014 |
| 300 ## - PHYSICAL DESCRIPTION | |
| Extent | 271 |
| Withdrawn status | Lost status | Damaged status | Not for loan | Home library | Current library | Date acquired | Total Checkouts | Barcode | Date last seen | Bill Date | Koha item type | Original Barcode |
|---|---|---|---|---|---|---|---|---|---|---|---|---|
| MKSSS s K.B. Joshi Institute of Information Technology Library | MKSSS s K.B. Joshi Institute of Information Technology Library | 01/06/2025 | KBJP-D-410 | 01/06/2025 | 01/06/2025 | Books | D410 |